00611nam a2200181Ia 4500003000900000008004100009020001800050040001600068080001300084100002000097245014400117260003200261300001600293650002900309650003500338650003200373650002400405IN-BaIIA211028s9999 xx 000 0 eng d a0-713-99878-4 cIIA Library a330bFRI aFriedman, T. L. 4aThe world is flatba brief history of the globalized world in the 21st centurycT. L. Friedman  aLondonbPenguin Booksc2005 aviii, 488p. aDiffusion of Innovations aGlobalisation -Economic Aspect aGlobalization-Social Aspect aInformation Society